Vzťahy Číny a regiónu Latinskej Ameriky a Karibiku v oblasti energetiky
Súčasná situácia vo vývoji vzťahov medzi krajinami Latinskej Ameriky, Karibiku a Čínou. Historický vývoj týchto vzťahov a ich zmluvný základ. Zdroje záujmu Číny o tento región. Významné postavenie energetického sektora v tomto vzťahu.
Salvato in:
| Autore principale: | |
|---|---|
| Natura: | Capitolo di libro |
| Lingua: | slovacco |
| Soggetti: | |
| Tags: |
Nessun Tag, puoi essere il primo ad aggiungerne!!
|
MARC
| LEADER | 00000nla a2200000 4500 | ||
|---|---|---|---|
| 001 | 0223102 | ||
| 005 | 20240502073641.6 | ||
| 041 | 0 | |a slo | |
| 044 | |a SK | ||
| 245 | 1 | 0 | |a Vzťahy Číny a regiónu Latinskej Ameriky a Karibiku v oblasti energetiky |c Natália Hlavová |
| 520 | |a Súčasná situácia vo vývoji vzťahov medzi krajinami Latinskej Ameriky, Karibiku a Čínou. Historický vývoj týchto vzťahov a ich zmluvný základ. Zdroje záujmu Číny o tento región. Významné postavenie energetického sektora v tomto vzťahu. | ||
| 610 | 2 | 0 | |a Čína |
| 610 | 2 | 0 | |a Latinská Amerika |
| 610 | 2 | 0 | |a Karibská oblasť |
| 610 | 2 | 0 | |a vzťahy hospodárske medzinárodné |
| 610 | 2 | 0 | |a energetika |
| 100 | 1 | |a Hlavová, Natália, 1991- | |